ბათუმის შოთა რუსთაველის სახელმწიფო უნივერსიტეტის ბიბლიოთეკა

ციგრიტი : (ბიბ.ჩანაწერი № 61882)

000 -ლიდერი
ფიქსირებული სიგრძის საკონტროლო ველი 01402nam a22002417a 4500
003 - საკონტროლო ნომრის იდენტიფიკატორი
საკონტროლო ველი Ge_BSU
005 - ბოლო ოპერაციის თარიღი და დრო
საკონტროლო ველი 20240603115223.0
008 - ფიქსირებული სიგრძის მონაცემთა ელემენტები - ზოგადი ინფორმაცია
ფიქსირებული სიგრძის საკონტროლო ველი 240603s2023 ge ||||| |||| 00| 0 geo d
020 ## - წიგნის საერთაშორისო სტანდარტული ნომერი
International Standard Book Number 9789941343124
041 ## - ენის კოდი
Language code of text/sound track or separate title geo
080 ## - უნივერსალური ათობითი კლასიფიკაციის ინდექსი
Universal Decimal Classification number 821.353.1-31 ნ-62
100 ## - მთავარი ჩანაწერი - პიროვნების სახელი
Personal name ნიკურაძე, თამარ.
9 (RLIN) 9135
245 ## - ცნობა სათაურის შესახებ
Title ციგრიტი :
Remainder of title (რეალური ზღაპარი) /
Statement of responsibility, etc თამარ ნიკურაძე; რედაქტორი ეთერ ჭურაძე; წინასიტყვაობა გიორგი კეკელიძე; გარეკანის ილუსტრატორი დ. ტრაპაიძე.
250 ## - გამოცემის ცნობა
Edition statement მეორე გამოცემა
264 ## - წარმოების, გამოცემის, დისტრიბუციის და სხვა ცნობები
გამოცემის, წარმოების, დისტრიბუციის... ადგილი თბილისი :
გამოცემის, წარმოების, დისტრიბუციის... სახელწოდება ტალანტარე,
გამოცემის, წარმოების, დისტრიბუციის... თარიღი 2023.
300 ## - ფიზიკური აღწერა
Extent 165 გვ.;
Other physical details 20 სმ.
500 ## - ზოგადი შენიშვნა
General note პარალ. სათ. და ტექსტები ინგლ. და რუსულ. ენაზე
700 ## - ADDED ENTRY--PERSONAL NAME
Personal name ჭურაძე, ეთერ
Relator term რედაქტორი
9 (RLIN) 22286
700 ## - ADDED ENTRY--PERSONAL NAME
Personal name კეკელიძე, გიორგი
Relator term წინასიტყვაობის ავტორი
9 (RLIN) 14441
700 ## - ADDED ENTRY--PERSONAL NAME
Personal name ტრაპაიძე, დ.
Relator term გარეკანის ილუსტრატორი
9 (RLIN) 22287
773 ## - HOST ITEM ENTRY
Title ნაჩუქარი
942 ## - ADDED ENTRY ELEMENTS (KOHA)
Source of classification or shelving scheme
Koha item type წიგნი
ეგზემპლარები
ჩამოწერის სტატუსი დაკარგული ეგზემპლარის სტატუსი კლასიფიკაციის წყარო ან თაროზე გაწყობის სქემა დაზიანების სტატუსი არ გაიცემა მუდმივი მდებარეობა (დაცვის ადგილი) ამჟამინდელი ადგილსამყოფელი თაროზე განთავსების ადგილი შეძენის თარიღი ღირებულება, შესყიდვის ნორმალური ფასი სრული შენახვის შიფრი შტრიხკოდი ბოლო ოპერაციის თარიღი ეგზემპლარის მიმდევრობითი ნომერი (კეტერი?) ფასის ძალაში შესვლის თარიღი ეგზემპლარის სახეობა საჯარო შენიშვნა
          ბათუმის შოთა რუსთაველის სახელმწიფო უნივერსიტეტის მთავარი ბიბლიოთეკა ბათუმის შოთა რუსთაველის სახელმწიფო უნივერსიტეტის მთავარი ბიბლიოთეკა წიგნსაცავი 2024-06-03 7.00 821.353.1-31 ნ-62 65947 2024-06-03 65947 2024-06-03 წიგნი 7 ლ.
          ბათუმის შოთა რუსთაველის სახელმწიფო უნივერსიტეტის მთავარი ბიბლიოთეკა ბათუმის შოთა რუსთაველის სახელმწიფო უნივერსიტეტის მთავარი ბიბლიოთეკა წიგნსაცავი 2024-06-03 7.00 821.353.1-31 ნ-62 65948 2024-06-03 65948 2024-06-03 წიგნი 7 ლ.
          ბათუმის შოთა რუსთაველის სახელმწიფო უნივერსიტეტის მთავარი ბიბლიოთეკა ბათუმის შოთა რუსთაველის სახელმწიფო უნივერსიტეტის მთავარი ბიბლიოთეკა წიგნსაცავი 2024-06-03 7.00 821.353.1-31 ნ-62 65949 2024-06-03 65949 2024-06-03 წიგნი 7 ლ.